| 000 | 00899nam a2200301 a 4500 | ||
|---|---|---|---|
| 001 | 000114839 | ||
| 003 | CHAP | ||
| 005 | 20220329144500.0 | ||
| 008 | 180620s2017 mx a rl l|00 0|spa d | ||
| 010 | _a111300 | ||
| 011 | _a112272 | ||
| 020 | _a9786077153405 | ||
| 040 | _cCHAP | ||
| 082 | 0 | 4 |
_a583.460420972 _bO68 |
| 245 | 0 | 0 |
_aOrganismos asociados al chayote / _cpor Gildardo Olguín Hernández...[et al.]. |
| 260 |
_aMéxico : _bColegio de Postgraduados, _c2017. |
||
| 300 |
_a255 p. : _bil. y cuadros. |
||
| 590 |
_aE6339RRR _b05 _c20180620 _lUCH01 _h0950 |
||
| 650 | 1 | 4 |
_aChayote _xCultivo. _9128147 |
| 650 | 1 | 4 |
_aChayote _xEnfermedades. _922083 |
| 650 | 1 | 4 |
_aChayote _xPlagas. _922088 |
| 650 | 1 | 4 |
_aControl biológico de enfermedades. _927579 |
| 650 | 1 | 4 |
_aControl de plagas. _927595 |
| 700 | 1 |
_aOlguín Hernández, Gildardo. _983004 |
|
| 901 | _aBK | ||
| 942 | _cLIBRO | ||
| 942 | _n0 | ||
| 999 |
_c111300 _d111300 |
||